Które państwo ma większą populację? - Statystyki

Ogólne statystyki
  • Ten quiz został rozwiązany 22 razy
  • Średni wynik to 12 z 20
Statystyki odpowiedzi
Zagadnienie Odpowiedź % Poprawnych
Burkina Faso czy Malezja Malezja
95%
Zimbabwe czy Maroko Maroko
95%
Indie czy Chiny Indie
85%
Tanzania czy Francja Francja
80%
Pakistan czy Nigeria Pakistan
80%
Algieria czy Niger Algieria
70%
Tuvalu czy Palau Palau
70%
Polska czy Afganistan Afganistan
65%
Syria czy Chile Syria
60%
Turkmenistan czy Kostaryka Turkmenistan
60%
Togo czy Czechy Czechy
55%
Norwegia czy Urugwaj Norwegia
55%
Armenia czy Albania Armenia
45%
Dania czy Singapur Singapur
45%
Islandia czy Malta Malta
40%
Ghana czy Peru Peru
40%
Rosja czy Meksyk Rosja
40%
Kambodża czy Ekwador Ekwador
30%
Izrael czy Białoruś Izrael
30%
Namibia czy Mongolia Mongolia
30%
Nie znaleziono quizów pasujących do podanych kryteriów
Rozkład punktacji
Procent ludzi z każdym wynikiem
Percentyl według liczby udzielonych odpowiedzi
Twoja historia wyników
Nie rozwiązałeś tego quizu